|
|
|
|
| LEADER |
00000naa2a2200000 4500 |
| 001 |
428319 |
| 005 |
20231101074824.0 |
| 035 |
|
|
|a (RuTPU)RU\TPU\prd\87857
|
| 035 |
|
|
|a RU\TPU\tpu\5033
|
| 090 |
|
|
|a 428319
|
| 100 |
|
|
|a 20101009a1958 k y0rusy50 ca
|
| 101 |
0 |
|
|a rus
|
| 102 |
|
|
|a RU
|
| 200 |
1 |
|
|a Некоторые вопросы конструирования циклических ускорителей с замкнутым волноводом
|f А. А. Воробьев
|
| 320 |
|
|
|a Библиогр.: 20 назв.
|
| 461 |
|
|
|0 (RuTPU)RU\TPU\prd\195
|t Известия вузов. Электромеханика
|d 1958-
|
| 463 |
|
|
|0 (RuTPU)RU\TPU\prd\45078
|t № 11
|v С. 13-19
|d 1958
|
| 610 |
1 |
|
|a труды учёных ТПУ
|
| 610 |
1 |
|
|a ускорители
|
| 700 |
|
1 |
|a Воробьев
|b А. А.
|c российский физик
|c ректор Томского политехнического института, профессор
|f 1909-1981
|g Александр Акимович
|2 stltpush
|3 (RuTPU)RU\TPU\pers\12805
|4 070
|
| 801 |
|
0 |
|a RU
|b 63413507
|c 20011210
|g PSBO
|
| 801 |
|
2 |
|a RU
|b 63413507
|c 20180313
|g PSBO
|
| 942 |
|
|
|c BK
|